<?xml version="1.0" encoding="UTF-8"?>
<record
    xmlns:xsi="http://www.w3.org/2001/XMLSchema-instance"
    xsi:schemaLocation="http://www.loc.gov/MARC21/slim http://www.loc.gov/standards/marcxml/schema/MARC21slim.xsd"
    xmlns="http://www.loc.gov/MARC21/slim">

  <leader>01007nam a22002297a 4500</leader>
  <datafield tag="010" ind1=" " ind2=" ">
    <subfield code="a">1617EN</subfield>
  </datafield>
  <datafield tag="020" ind1=" " ind2=" ">
    <subfield code="a">9780199239009</subfield>
    <subfield code="c">499.00</subfield>
  </datafield>
  <datafield tag="035" ind1=" " ind2=" ">
    <subfield code="a">B-652135-146</subfield>
  </datafield>
  <datafield tag="035" ind1=" " ind2=" ">
    <subfield code="a">B-666236</subfield>
  </datafield>
  <datafield tag="037" ind1=" " ind2=" ">
    <subfield code="a">dpl</subfield>
    <subfield code="b">Pragati</subfield>
  </datafield>
  <datafield tag="082" ind1=" " ind2=" ">
    <subfield code="a">658.872</subfield>
  </datafield>
  <datafield tag="100" ind1=" " ind2=" ">
    <subfield code="a">Gay, Richard</subfield>
  </datafield>
  <datafield tag="245" ind1=" " ind2=" ">
    <subfield code="a">Onlinemarketing :</subfield>
    <subfield code="c">by Richard Gay, Alen Charlesworth and Rita Esen</subfield>
    <subfield code="b">a customer-led approach /</subfield>
  </datafield>
  <datafield tag="260" ind1=" " ind2=" ">
    <subfield code="a">New Delhi</subfield>
    <subfield code="b">Oxford University Press</subfield>
    <subfield code="c">2016(rpt)</subfield>
  </datafield>
  <datafield tag="270" ind1=" " ind2=" ">
    <subfield code="a">YMCA Building Jai Singh Road</subfield>
    <subfield code="b">New Delhi</subfield>
    <subfield code="e">110001</subfield>
  </datafield>
  <datafield tag="300" ind1=" " ind2=" ">
    <subfield code="a">xv, 538 p.</subfield>
    <subfield code="c">24cm(pbk)</subfield>
    <subfield code="b">ill.</subfield>
  </datafield>
  <datafield tag="700" ind1=" " ind2=" ">
    <subfield code="a">Charlesworth, Alan</subfield>
  </datafield>
  <datafield tag="700" ind1=" " ind2=" ">
    <subfield code="a">Esen, Rita</subfield>
  </datafield>
  <datafield tag="942" ind1=" " ind2=" ">
    <subfield code="2">ddc</subfield>
    <subfield code="c">EN</subfield>
    <subfield code="h">658.872</subfield>
    <subfield code="m">GAY</subfield>
  </datafield>
  <datafield tag="999" ind1=" " ind2=" ">
    <subfield code="c">101944</subfield>
    <subfield code="d">101944</subfield>
  </datafield>
  <datafield tag="952" ind1=" " ind2=" ">
    <subfield code="0">0</subfield>
    <subfield code="1">0</subfield>
    <subfield code="2">ddc</subfield>
    <subfield code="4">0</subfield>
    <subfield code="7">0</subfield>
    <subfield code="8">NFIC</subfield>
    <subfield code="a">L</subfield>
    <subfield code="b">L</subfield>
    <subfield code="d">2017-02-13</subfield>
    <subfield code="e">BPPD/EN/2016-17/300/24.11.2016/IN341/2.12.2017/4.1.2017</subfield>
    <subfield code="g">499.00</subfield>
    <subfield code="l">21</subfield>
    <subfield code="m">1</subfield>
    <subfield code="o">658.872 GAY</subfield>
    <subfield code="p">B-652135</subfield>
    <subfield code="r">2023-08-18 00:00:00</subfield>
    <subfield code="s">2023-07-26</subfield>
    <subfield code="t">1</subfield>
    <subfield code="v">499.00</subfield>
    <subfield code="y">EN</subfield>
  </datafield>
  <datafield tag="952" ind1=" " ind2=" ">
    <subfield code="0">0</subfield>
    <subfield code="1">0</subfield>
    <subfield code="2">ddc</subfield>
    <subfield code="4">0</subfield>
    <subfield code="7">0</subfield>
    <subfield code="8">NFIC</subfield>
    <subfield code="a">NPL</subfield>
    <subfield code="b">NPL</subfield>
    <subfield code="d">2017-02-13</subfield>
    <subfield code="e">BPPD/EN/2016-17/300/24.11.2016/IN341/2.12.2017/4.1.2017</subfield>
    <subfield code="g">499.00</subfield>
    <subfield code="l">0</subfield>
    <subfield code="o">658.872 GAY</subfield>
    <subfield code="p">B-652136</subfield>
    <subfield code="r">2017-02-13 00:00:00</subfield>
    <subfield code="t">1</subfield>
    <subfield code="v">499.00</subfield>
    <subfield code="y">EN</subfield>
  </datafield>
  <datafield tag="952" ind1=" " ind2=" ">
    <subfield code="0">0</subfield>
    <subfield code="1">0</subfield>
    <subfield code="2">ddc</subfield>
    <subfield code="4">0</subfield>
    <subfield code="7">0</subfield>
    <subfield code="8">NFIC</subfield>
    <subfield code="a">BL1</subfield>
    <subfield code="b">BL1</subfield>
    <subfield code="d">2017-02-13</subfield>
    <subfield code="e">BPPD/EN/2016-17/300/24.11.2016/IN341/2.12.2017/4.1.2017</subfield>
    <subfield code="g">499.00</subfield>
    <subfield code="l">4</subfield>
    <subfield code="m">2</subfield>
    <subfield code="o">658.872 GAY</subfield>
    <subfield code="p">B-652137</subfield>
    <subfield code="r">2024-08-06 00:00:00</subfield>
    <subfield code="s">2024-07-05</subfield>
    <subfield code="t">1</subfield>
    <subfield code="v">499.00</subfield>
    <subfield code="y">EN</subfield>
  </datafield>
  <datafield tag="952" ind1=" " ind2=" ">
    <subfield code="0">0</subfield>
    <subfield code="1">0</subfield>
    <subfield code="2">ddc</subfield>
    <subfield code="4">0</subfield>
    <subfield code="7">0</subfield>
    <subfield code="8">NFIC</subfield>
    <subfield code="a">KGM</subfield>
    <subfield code="b">KGM</subfield>
    <subfield code="d">2017-02-13</subfield>
    <subfield code="e">BPPD/EN/2016-17/300/24.11.2016/IN341/2.12.2017/4.1.2017</subfield>
    <subfield code="g">499.00</subfield>
    <subfield code="l">0</subfield>
    <subfield code="o">658.872 GAY</subfield>
    <subfield code="p">B-652138</subfield>
    <subfield code="r">2017-02-13 00:00:00</subfield>
    <subfield code="t">1</subfield>
    <subfield code="v">499.00</subfield>
    <subfield code="y">EN</subfield>
  </datafield>
  <datafield tag="952" ind1=" " ind2=" ">
    <subfield code="0">0</subfield>
    <subfield code="1">0</subfield>
    <subfield code="2">ddc</subfield>
    <subfield code="4">0</subfield>
    <subfield code="7">0</subfield>
    <subfield code="8">NFIC</subfield>
    <subfield code="a">JP</subfield>
    <subfield code="b">JP</subfield>
    <subfield code="d">2017-02-13</subfield>
    <subfield code="e">BPPD/EN/2016-17/300/24.11.2016/IN341/2.12.2017/4.1.2017</subfield>
    <subfield code="g">499.00</subfield>
    <subfield code="l">9</subfield>
    <subfield code="m">1</subfield>
    <subfield code="o">658.872 GAY</subfield>
    <subfield code="p">B-652139</subfield>
    <subfield code="r">2022-05-24 00:00:00</subfield>
    <subfield code="s">2022-05-06</subfield>
    <subfield code="t">1</subfield>
    <subfield code="v">499.00</subfield>
    <subfield code="y">EN</subfield>
  </datafield>
  <datafield tag="952" ind1=" " ind2=" ">
    <subfield code="0">0</subfield>
    <subfield code="1">0</subfield>
    <subfield code="2">ddc</subfield>
    <subfield code="4">0</subfield>
    <subfield code="7">0</subfield>
    <subfield code="8">NFIC</subfield>
    <subfield code="a">ZLS</subfield>
    <subfield code="b">ZLS</subfield>
    <subfield code="d">2017-02-13</subfield>
    <subfield code="e">BPPD/EN/2016-17/300/24.11.2016/IN341/2.12.2017/4.1.2017</subfield>
    <subfield code="g">499.00</subfield>
    <subfield code="l">5</subfield>
    <subfield code="m">4</subfield>
    <subfield code="o">658.872 GAY</subfield>
    <subfield code="p">B-652140</subfield>
    <subfield code="r">2021-12-02 00:00:00</subfield>
    <subfield code="s">2021-11-18</subfield>
    <subfield code="t">1</subfield>
    <subfield code="v">499.00</subfield>
    <subfield code="y">EN</subfield>
  </datafield>
  <datafield tag="952" ind1=" " ind2=" ">
    <subfield code="0">0</subfield>
    <subfield code="1">0</subfield>
    <subfield code="2">ddc</subfield>
    <subfield code="4">0</subfield>
    <subfield code="7">0</subfield>
    <subfield code="8">NFIC</subfield>
    <subfield code="a">RKP</subfield>
    <subfield code="b">RKP</subfield>
    <subfield code="d">2017-02-13</subfield>
    <subfield code="e">BPPD/EN/2016-17/300/24.11.2016/IN341/2.12.2017/4.1.2017</subfield>
    <subfield code="g">499.00</subfield>
    <subfield code="l">2</subfield>
    <subfield code="m">4</subfield>
    <subfield code="o">658.872 GAY</subfield>
    <subfield code="p">B-652141</subfield>
    <subfield code="r">2022-12-03 00:00:00</subfield>
    <subfield code="s">2022-10-22</subfield>
    <subfield code="t">1</subfield>
    <subfield code="v">499.00</subfield>
    <subfield code="y">EN</subfield>
  </datafield>
  <datafield tag="952" ind1=" " ind2=" ">
    <subfield code="0">0</subfield>
    <subfield code="1">0</subfield>
    <subfield code="4">0</subfield>
    <subfield code="7">0</subfield>
    <subfield code="8">NFIC</subfield>
    <subfield code="a">BN</subfield>
    <subfield code="b">BN</subfield>
    <subfield code="d">2017-02-13</subfield>
    <subfield code="e">BPPD/EN/2016-17/300/24.11.2016/IN341/2.12.2017/4.1.2017</subfield>
    <subfield code="g">499.00</subfield>
    <subfield code="l">2</subfield>
    <subfield code="o">658.872 GAY</subfield>
    <subfield code="p">B-652142</subfield>
    <subfield code="r">2021-07-22 00:00:00</subfield>
    <subfield code="s">2021-06-28</subfield>
    <subfield code="t">1</subfield>
    <subfield code="v">499.00</subfield>
    <subfield code="y">EN</subfield>
  </datafield>
  <datafield tag="952" ind1=" " ind2=" ">
    <subfield code="0">0</subfield>
    <subfield code="1">0</subfield>
    <subfield code="2">ddc</subfield>
    <subfield code="4">0</subfield>
    <subfield code="7">0</subfield>
    <subfield code="8">NFIC</subfield>
    <subfield code="a">NR</subfield>
    <subfield code="b">NR</subfield>
    <subfield code="d">2017-02-13</subfield>
    <subfield code="e">BPPD/EN/2016-17/300/24.11.2016/IN341/2.12.2017/4.1.2017</subfield>
    <subfield code="g">499.00</subfield>
    <subfield code="l">0</subfield>
    <subfield code="o">658.872 GAY</subfield>
    <subfield code="p">B-652143</subfield>
    <subfield code="r">2017-02-13 00:00:00</subfield>
    <subfield code="t">1</subfield>
    <subfield code="v">499.00</subfield>
    <subfield code="y">EN</subfield>
  </datafield>
  <datafield tag="952" ind1=" " ind2=" ">
    <subfield code="0">0</subfield>
    <subfield code="1">0</subfield>
    <subfield code="2">ddc</subfield>
    <subfield code="4">0</subfield>
    <subfield code="7">0</subfield>
    <subfield code="8">NFIC</subfield>
    <subfield code="a">BN</subfield>
    <subfield code="b">BN</subfield>
    <subfield code="d">2017-02-13</subfield>
    <subfield code="e">BPPD/EN/2016-17/300/24.11.2016/IN341/2.12.2017/4.1.2017</subfield>
    <subfield code="g">499.00</subfield>
    <subfield code="l">2</subfield>
    <subfield code="o">658.872 GAY</subfield>
    <subfield code="p">B-652144</subfield>
    <subfield code="r">2023-08-23 00:00:00</subfield>
    <subfield code="s">2023-08-04</subfield>
    <subfield code="t">1</subfield>
    <subfield code="v">499.00</subfield>
    <subfield code="y">EN</subfield>
  </datafield>
  <datafield tag="952" ind1=" " ind2=" ">
    <subfield code="0">0</subfield>
    <subfield code="1">0</subfield>
    <subfield code="2">ddc</subfield>
    <subfield code="4">0</subfield>
    <subfield code="7">0</subfield>
    <subfield code="8">NFIC</subfield>
    <subfield code="a">BL4</subfield>
    <subfield code="b">BL4</subfield>
    <subfield code="d">2017-02-13</subfield>
    <subfield code="e">BPPD/EN/2016-17/300/24.11.2016/IN341/2.12.2017/4.1.2017</subfield>
    <subfield code="g">499.00</subfield>
    <subfield code="l">6</subfield>
    <subfield code="m">1</subfield>
    <subfield code="o">658.872 GAY</subfield>
    <subfield code="p">B-652145</subfield>
    <subfield code="r">2022-08-01 00:00:00</subfield>
    <subfield code="s">2022-07-21</subfield>
    <subfield code="t">1</subfield>
    <subfield code="v">499.00</subfield>
    <subfield code="y">EN</subfield>
  </datafield>
  <datafield tag="952" ind1=" " ind2=" ">
    <subfield code="0">0</subfield>
    <subfield code="1">0</subfield>
    <subfield code="2">ddc</subfield>
    <subfield code="4">0</subfield>
    <subfield code="7">0</subfield>
    <subfield code="8">NFIC</subfield>
    <subfield code="a">YV</subfield>
    <subfield code="b">YV</subfield>
    <subfield code="d">2017-02-13</subfield>
    <subfield code="e">BPPD/EN/2016-17/300/24.11.2016/IN341/2.12.2017/4.1.2017</subfield>
    <subfield code="g">499.00</subfield>
    <subfield code="l">3</subfield>
    <subfield code="m">1</subfield>
    <subfield code="o">658.872 GAY</subfield>
    <subfield code="p">B-652146</subfield>
    <subfield code="r">2019-07-30 00:00:00</subfield>
    <subfield code="s">2019-07-15</subfield>
    <subfield code="t">1</subfield>
    <subfield code="v">499.00</subfield>
    <subfield code="y">EN</subfield>
  </datafield>
  <datafield tag="952" ind1=" " ind2=" ">
    <subfield code="0">0</subfield>
    <subfield code="1">0</subfield>
    <subfield code="4">0</subfield>
    <subfield code="7">0</subfield>
    <subfield code="8">NFIC</subfield>
    <subfield code="a">AV</subfield>
    <subfield code="b">AV</subfield>
    <subfield code="d">2017-05-04</subfield>
    <subfield code="e">BPPD/EN/2016-17/AV/16-17/466/15.02.2017/570/28.02.2017/10.3.2017</subfield>
    <subfield code="g">499.00</subfield>
    <subfield code="l">5</subfield>
    <subfield code="m">3</subfield>
    <subfield code="o">658.872 GAY</subfield>
    <subfield code="p">B-666236</subfield>
    <subfield code="r">2020-03-06 00:00:00</subfield>
    <subfield code="s">2020-02-20</subfield>
    <subfield code="t">1</subfield>
    <subfield code="v">499.00</subfield>
    <subfield code="w">2017-05-04</subfield>
    <subfield code="y">EN</subfield>
  </datafield>
</record>
